[Event "DVM U20w 2016"]
[Site "Borken-Gemen GER"]
[Date "2016.12.28"]
[Round "3"]
[White "Wächter, Nathalie"]
[Black "Simon, Tessa"]
[Result "0-1"]
[Termination "normal"]
[Board "1.1"]
[WhiteElo "2022"]
[BlackElo "1917"]
[WhiteClock "00:02:25"]
[BlackClock "00:07:13"]
[WhiteTeam "TuRa Harksheide Norderstedt"]
[BlackTeam "Muldental Wilkau-Haßlau"]
[PlyCount "106"]
[WhiteFideId "12921033"]
[BlackFideId "12929395"]
[EventCountry "GER"]
[EventRounds "7"]
[EventType "team-swiss"]
[EventDate "2016.12.26"]

1. d4 {[%clk 1:30:53]} d5 {[%clk 1:30:53]} 2. c4 {[%clk 1:31:17]} c6 {[%clk
1:31:15]} 3. cxd5 {[%clk 1:31:42]} cxd5 {[%clk 1:31:36]} 4. Bf4 {[%clk
1:32:04]} Nf6 {[%clk 1:31:50]} 5. e3 {[%clk 1:32:10]} Nc6 {[%clk 1:30:55]} 6.
Nc3 {[%clk 1:31:17]} a6 {[%clk 1:29:29]} 7. Bd3 {[%clk 1:30:53]} e6 {[%clk
1:27:23]} 8. Nf3 {[%clk 1:30:35]} Bd6 {[%clk 1:26:45]} 9. Bxd6 {[%clk 1:30:11]}
Qxd6 {[%clk 1:27:08]} 10. O-O {[%clk 1:30:04]} O-O {[%clk 1:26:41]} 11. Rc1
{[%clk 1:30:19]} e5 12. dxe5 Nxe5 {[%clk 1:14:37]} 13. Nxe5 {[%clk 1:00:35]}
Qxe5 {[%clk 1:14:58]} 14. Re1 {[%clk 1:00:39]} Bg4 {[%clk 0:58:04]} 15. Qb3
{[%clk 0:45:08]} d4 {[%clk 0:49:59]} 16. exd4 {[%clk 0:30:14]} Qxd4 {[%clk
0:50:04]} 17. Ne4 {[%clk 0:29:29]} b5 {[%clk 0:44:25]} 18. Qc2 {[%clk 0:19:27]}
h6 {[%clk 0:39:26]} 19. h3 {[%clk 0:02:03]} Be6 {[%clk 0:32:20]} 20. Nxf6+
{[%clk 0:02:02]} Qxf6 {[%clk 0:32:40]} 21. Bh7+ {[%clk 0:02:20]} Kh8 {[%clk
0:32:58]} 22. Be4 {[%clk 0:02:49]} Rac8 {[%clk 0:31:02]} 23. Qb1 {[%clk
0:03:18]} Qg5 {[%clk 0:27:56]} 24. Kh1 {[%clk 0:02:34]} Qf4 {[%clk 0:22:26]}
25. Kg1 {[%clk 0:02:37]} Rfd8 {[%clk 0:20:05]} 26. b3 {[%clk 0:01:37]} Rd2
{[%clk 0:13:47]} 27. Rxc8+ {[%clk 0:02:02]} Bxc8 {[%clk 0:14:10]} 28. Bf3
{[%clk 0:01:35]} Bf5 {[%clk 0:12:15]} 29. Qc1 {[%clk 0:01:37]} Qd4 {[%clk
0:11:48]} 30. Rf1 {[%clk 0:00:48]} Rxa2 {[%clk 0:07:33]} 31. Qc6 {[%clk
0:01:13]} Be6 {[%clk 0:04:25]} 32. Qa8+ {[%clk 0:01:02]} Kh7 {[%clk 0:04:51]}
33. Be4+ {[%clk 0:00:48]} g6 {[%clk 0:05:02]} 34. Bb1 {[%clk 0:00:59]} Rb2
{[%clk 0:04:40]} 35. Qxa6 {[%clk 0:01:09]} Bxb3 {[%clk 0:03:13]} 36. Qxb5
{[%clk 0:00:58]} Bc4 {[%clk 0:03:31]} 37. Qe8 {[%clk 0:01:22]} Qf6 {[%clk
0:02:06]} 38. Qe1 {[%clk 0:00:52]} Bxf1 {[%clk 0:01:02]} 39. Qxf1 {[%clk
0:01:11]} Kg7 {[%clk 0:01:29]} 40. Qe1 {[%clk 0:01:14]} Qd4 {[%clk 0:00:56]}
41. g3 {[%clk 0:24:55]} Rd2 {[%clk 0:28:45]} 42. Kg2 {[%clk 0:24:09]} Rd1
{[%clk 0:28:02]} 43. Qe4 {[%clk 0:24:22]} Qa1 {[%clk 0:27:33]} 44. Bc2 {[%clk
0:23:43]} Re1 {[%clk 0:22:05]} 45. Qd5 {[%clk 0:20:58]} Re5 {[%clk 0:18:25]}
46. Qb7 {[%clk 0:15:58]} Qc3 {[%clk 0:15:52]} 47. Bd1 {[%clk 0:13:55]} Ra5
{[%clk 0:10:27]} 48. Bb3 {[%clk 0:13:24]} Qf6 {[%clk 0:09:48]} 49. Bc4 {[%clk
0:09:51]} Rf5 {[%clk 0:09:08]} 50. f3 {[%clk 0:07:06]} Rc5 {[%clk 0:07:59]} 51.
Be2 {[%clk 0:03:41]} Qe5 {[%clk 0:06:42]} 52. Qe4 {[%clk 0:03:09]} Qb2 {[%clk
0:06:58]} 53. g4 {[%clk 0:02:25]} Re5 {[%clk 0:07:13]} 0-1

[Event "DVM U20w 2016"]
[Site "Borken-Gemen GER"]
[Date "2016.12.28"]
[Round "3"]
[White "Köhler, Inken"]
[Black "Fromm, Katja"]
[Result "1-0"]
[Termination "normal"]
[Board "1.3"]
[WhiteElo "1944"]
[BlackElo "1728"]
[WhiteClock "00:48:29"]
[BlackClock "00:03:33"]
[WhiteTeam "TuRa Harksheide Norderstedt"]
[BlackTeam "Muldental Wilkau-Haßlau"]
[PlyCount "143"]
[WhiteFideId "12929301"]
[BlackFideId "12929409"]
[EventCountry "GER"]
[EventRounds "7"]
[EventType "team-swiss"]
[EventDate "2016.12.26"]

1. e4 {[%clk 1:30:58]} c6 {[%clk 1:30:54]} 2. Nf3 d5 3. exd5 {[%clk 1:31:36]}
cxd5 {[%clk 1:31:34]} 4. Ne5 {[%clk 1:31:49]} Nf6 {[%clk 1:29:37]} 5. d4 {[%clk
1:31:49]} Nc6 {[%clk 1:19:24]} 6. c3 {[%clk 1:29:05]} g6 {[%clk 1:11:56]} 7.
Bd3 {[%clk 1:24:53]} Bf5 {[%clk 1:10:44]} 8. Bxf5 {[%clk 1:24:38]} gxf5 {[%clk
1:11:09]} 9. Qf3 {[%clk 1:21:00]} e6 {[%clk 1:09:56]} 10. Bg5 {[%clk 1:18:54]}
Be7 {[%clk 1:08:38]} 11. Nd2 {[%clk 1:17:39]} Nxe5 {[%clk 0:53:19]} 12. dxe5
{[%clk 1:17:56]} Ne4 {[%clk 0:53:38]} 13. Bxe7 {[%clk 1:08:28]} Nxd2 {[%clk
0:53:28]} 14. Bxd8 {[%clk 1:08:18]} Nxf3+ {[%clk 0:53:52]} 15. gxf3 {[%clk
1:08:41]} Rxd8 {[%clk 0:54:05]} 16. Rg1 {[%clk 1:08:54]} Ke7 {[%clk 0:54:21]}
17. Ke2 {[%clk 1:09:02]} Rhg8 {[%clk 0:54:21]} 18. Rg3 {[%clk 1:08:52]} Rg6
{[%clk 0:51:55]} 19. Rag1 {[%clk 1:07:45]} Rdg8 {[%clk 0:49:46]} 20. Ke3 {[%clk
1:07:24]} b5 {[%clk 0:48:12]} 21. Kd4 {[%clk 1:06:00]} Rc8 {[%clk 0:48:10]} 22.
b3 {[%clk 1:03:57]} Kd7 {[%clk 0:46:43]} 23. h4 {[%clk 1:02:29]} Ke7 {[%clk
0:33:49]} 24. h5 {[%clk 1:01:59]} Rxg3 {[%clk 0:34:09]} 25. Rxg3 {[%clk
1:02:23]} h6 {[%clk 0:34:36]} 26. Rg7 {[%clk 1:01:09]} Rh8 {[%clk 0:35:01]} 27.
f4 {[%clk 0:59:55]} a6 {[%clk 0:34:27]} 28. a3 {[%clk 0:51:31]} Kf8 {[%clk
0:33:53]} 29. Rg3 {[%clk 0:51:48]} Ke7 {[%clk 0:34:19]} 30. Kc5 {[%clk
0:51:52]} Rd8 {[%clk 0:19:32]} 31. Rd3 {[%clk 0:48:47]} Rb8 {[%clk 0:18:31]}
32. Kc6 {[%clk 0:47:36]} Kd8 {[%clk 0:15:49]} 33. Rg3 {[%clk 0:47:47]} Ke7
{[%clk 0:16:15]} 34. Kc7 {[%clk 0:47:23]} Rd8 {[%clk 0:16:10]} 35. Rd3 {[%clk
0:47:05]} a5 {[%clk 0:16:24]} 36. Rd4 {[%clk 0:42:53]} Ra8 {[%clk 0:13:23]} 37.
Kb7 {[%clk 0:43:02]} Rg8 {[%clk 0:12:42]} 38. a4 {[%clk 0:41:21]} bxa4 {[%clk
0:08:39]} 39. Rxa4 {[%clk 0:41:44]} Rg1 {[%clk 0:07:41]} 40. Rxa5 {[%clk
0:40:42]} Rc1 {[%clk 0:07:25]} 41. b4 {[%clk 0:36:59]} Rxc3 {[%clk 0:06:32]}
42. b5 {[%clk 0:37:23]} d4 {[%clk 0:05:02]} 43. Ra4 {[%clk 0:22:53]} d3 {[%clk
0:04:49]} 44. Rd4 {[%clk 0:23:15]} f6 {[%clk 0:03:12]} 45. b6 {[%clk 0:22:47]}
fxe5 {[%clk 0:01:03]} 46. fxe5 {[%clk 0:23:10]} Rb3 {[%clk 0:01:25]} 47. Kc6
{[%clk 0:22:18]} Rc3+ {[%clk 0:01:46]} 48. Kb5 {[%clk 0:22:36]} Rb3+ {[%clk
0:00:55]} 49. Kc5 {[%clk 0:22:25]} Rc3+ {[%clk 0:18:08]} 50. Kb4 {[%clk
0:53:11]} Rc2 {[%clk 0:18:33]} 51. Rxd3 {[%clk 0:53:12]} Rb2+ {[%clk 0:17:45]}
52. Kc5 {[%clk 0:52:56]} Rc2+ {[%clk 0:14:04]} 53. Kb5 {[%clk 0:52:52]} Rb2+
{[%clk 0:14:18]} 54. Kc6 {[%clk 0:53:04]} Rc2+ {[%clk 0:14:34]} 55. Kb7 {[%clk
0:53:20]} Rxf2 {[%clk 0:14:58]} 56. Kb8 {[%clk 0:53:31]} f4 {[%clk 0:14:31]}
57. Ra3 {[%clk 0:52:07]} Re2 {[%clk 0:04:38]} 58. Ra7+ {[%clk 0:46:57]} Ke8
{[%clk 0:04:21]} 59. b7 {[%clk 0:47:12]} Rxe5 {[%clk 0:03:20]} 60. Kc7 {[%clk
0:46:38]} Rb5 {[%clk 0:03:39]} 61. Ra8+ {[%clk 0:46:04]} Kf7 {[%clk 0:03:53]}
62. b8=Q {[%clk 0:46:21]} Rxb8 {[%clk 0:04:19]} 63. Rxb8 {[%clk 0:46:43]} Kf6
{[%clk 0:04:23]} 64. Kd6 {[%clk 0:46:46]} Kg5 {[%clk 0:04:15]} 65. Kxe6 {[%clk
0:46:57]} Kxh5 {[%clk 0:03:41]} 66. Kf5 {[%clk 0:47:17]} f3 {[%clk 0:02:53]}
67. Rb3 {[%clk 0:47:11]} Kh4 {[%clk 0:02:57]} 68. Rxf3 {[%clk 0:47:27]} h5
{[%clk 0:03:22]} 69. Rf4+ {[%clk 0:47:29]} Kh3 {[%clk 0:02:56]} 70. Kg5 {[%clk
0:47:50]} Kg3 {[%clk 0:03:19]} 71. Ra4 {[%clk 0:48:06]} h4 {[%clk 0:03:33]} 72.
Rxh4 {[%clk 0:48:29]} 1-0

[Event "DVM U20w 2016"]
[Site "Borken-Gemen GER"]
[Date "2016.12.28"]
[Round "3"]
[White "Von Jan, Lena"]
[Black "Zimmermann, Jasmin"]
[Result "0-1"]
[Termination "normal"]
[Board "1.4"]
[WhiteElo "1516"]
[BlackElo "1726"]
[WhiteClock "00:02:15"]
[BlackClock "00:05:20"]
[WhiteTeam "Muldental Wilkau-Haßlau"]
[BlackTeam "TuRa Harksheide Norderstedt"]
[PlyCount "74"]
[WhiteFideId "12946060"]
[BlackFideId "12900400"]
[EventCountry "GER"]
[EventRounds "7"]
[EventType "team-swiss"]
[EventDate "2016.12.26"]

1. e4 {[%clk 1:30:57]} d6 {[%clk 1:30:52]} 2. d4 {[%clk 1:31:19]} Nf6 {[%clk
1:31:15]} 3. Bd3 {[%clk 1:31:23]} Nbd7 {[%clk 1:31:28]} 4. c3 {[%clk 1:30:52]}
e5 {[%clk 1:31:28]} 5. Nf3 {[%clk 1:28:52]} Be7 {[%clk 1:31:34]} 6. O-O {[%clk
1:28:21]} O-O {[%clk 1:31:17]} 7. Re1 {[%clk 1:26:15]} c6 {[%clk 1:30:34]} 8.
h3 {[%clk 1:21:19]} b5 {[%clk 1:29:52]} 9. Be3 {[%clk 1:15:41]} a5 {[%clk
1:28:26]} 10. a3 {[%clk 1:09:46]} Bb7 {[%clk 1:24:07]} 11. Nbd2 {[%clk
0:59:25]} Re8 {[%clk 1:21:48]} 12. Bc2 {[%clk 0:54:17]} Bf8 {[%clk 1:16:36]}
13. Bg5 {[%clk 0:53:14]} Qc7 {[%clk 1:11:55]} 14. Bh4 {[%clk 0:40:04]} a4
{[%clk 1:07:18]} 15. Bg3 {[%clk 0:37:41]} Qb6 {[%clk 1:01:07]} 16. dxe5 {[%clk
0:31:07]} dxe5 {[%clk 1:00:49]} 17. c4 {[%clk 0:27:59]} Bc5 {[%clk 0:57:52]}
18. Qe2 {[%clk 0:22:30]} Nh5 {[%clk 0:53:51]} 19. Bh4 {[%clk 0:19:45]} Nf4
{[%clk 0:49:50]} 20. Qf1 {[%clk 0:19:26]} Re6 {[%clk 0:39:32]} 21. Bg3 {[%clk
0:18:24]} Nf6 {[%clk 0:35:03]} 22. Nxe5 {[%clk 0:15:24]} N6h5 {[%clk 0:26:37]}
23. Bxf4 {[%clk 0:14:15]} Nxf4 {[%clk 0:25:28]} 24. Ndf3 {[%clk 0:13:03]} Qc7
{[%clk 0:18:43]} 25. Nd3 {[%clk 0:11:34]} Nxd3 {[%clk 0:12:01]} 26. Bxd3 {[%clk
0:11:56]} Rh6 {[%clk 0:09:47]} 27. cxb5 {[%clk 0:10:48]} cxb5 {[%clk 0:10:04]}
28. Bxb5 {[%clk 0:10:18]} Qf4 {[%clk 0:10:06]} 29. Bd3 {[%clk 0:08:55]} Bc8
{[%clk 0:07:36]} 30. Nh2 {[%clk 0:06:58]} Rg6 {[%clk 0:06:56]} 31. Ng4 {[%clk
0:03:18]} Bxg4 {[%clk 0:06:39]} 32. hxg4 {[%clk 0:03:44]} Rh6 {[%clk 0:06:54]}
33. g3 {[%clk 0:03:24]} Qxg3+ {[%clk 0:07:13]} 34. Qg2 {[%clk 0:03:36]} Bxf2+
{[%clk 0:05:36]} 35. Kf1 {[%clk 0:03:48]} Bxe1 {[%clk 0:05:42]} 36. Rxe1 {[%clk
0:02:31]} Qxd3+ {[%clk 0:06:01]} 37. Re2 {[%clk 0:02:15]} Qh3 {[%clk 0:05:20]}
0-1

[Event "DVM U20w 2016"]
[Site "Borken-Gemen GER"]
[Date "2016.12.28"]
[Round "3"]
[White "Voß, Henrike"]
[Black "Schulze, Lara"]
[Result "0-1"]
[Termination "normal"]
[Board "2.1"]
[BlackTitle "WFM"]
[WhiteElo "1591"]
[BlackElo "1920"]
[WhiteClock "00:10:23"]
[BlackClock "00:04:51"]
[WhiteTeam "Hamburger SK"]
[BlackTeam "SK Lehrte"]
[PlyCount "68"]
[WhiteFideId "12971910"]
[BlackFideId "12956830"]
[EventCountry "GER"]
[EventRounds "7"]
[EventType "team-swiss"]
[EventDate "2016.12.26"]

1. e4 {[%clk 1:30:56]} e6 {[%clk 1:30:59]} 2. d4 {[%clk 1:31:19]} d5 {[%clk
1:31:26]} 3. Nc3 {[%clk 1:31:42]} Bb4 {[%clk 1:31:50]} 4. a3 {[%clk 1:31:58]}
Bxc3+ {[%clk 1:31:58]} 5. bxc3 {[%clk 1:32:18]} dxe4 {[%clk 1:32:21]} 6. Bc4
{[%clk 1:31:38]} Nf6 {[%clk 1:30:06]} 7. Ne2 {[%clk 1:31:47]} O-O {[%clk
1:24:23]} 8. O-O {[%clk 1:31:43]} b6 {[%clk 1:18:45]} 9. a4 {[%clk 1:31:01]}
Bb7 {[%clk 1:16:49]} 10. Re1 {[%clk 1:28:42]} h6 {[%clk 1:07:09]} 11. Ng3
{[%clk 1:24:10]} c5 {[%clk 1:03:29]} 12. Bb2 {[%clk 1:08:04]} Qc7 {[%clk
0:56:23]} 13. Bf1 {[%clk 0:57:58]} Rd8 {[%clk 0:52:50]} 14. Re3 {[%clk
0:49:51]} Nbd7 {[%clk 0:45:17]} 15. Bb5 {[%clk 0:47:37]} Ne5 {[%clk 0:38:17]}
16. Be2 {[%clk 0:43:58]} Ng6 {[%clk 0:29:00]} 17. Nh5 {[%clk 0:42:39]} Nd5
{[%clk 0:25:05]} 18. Rg3 {[%clk 0:40:13]} Nde7 {[%clk 0:24:19]} 19. Bg4 {[%clk
0:31:29]} f5 {[%clk 0:22:40]} 20. Bh3 {[%clk 0:29:39]} Kh7 {[%clk 0:13:27]} 21.
Qe2 {[%clk 0:22:23]} Rac8 {[%clk 0:10:08]} 22. Rc1 {[%clk 0:15:24]} Nd5 {[%clk
0:07:20]} 23. c4 {[%clk 0:12:18]} Ndf4 {[%clk 0:06:59]} 24. Nxf4 {[%clk
0:12:43]} Nxf4 {[%clk 0:07:18]} 25. Qe3 {[%clk 0:12:44]} Nh5 {[%clk 0:07:03]}
26. Bxf5+ {[%clk 0:11:33]} exf5 {[%clk 0:07:17]} 27. Rh3 {[%clk 0:11:50]} Nf4
{[%clk 0:05:50]} 28. d5 {[%clk 0:11:19]} Nxh3+ {[%clk 0:05:52]} 29. Qxh3 {[%clk
0:11:44]} Qf7 {[%clk 0:05:29]} 30. Re1 {[%clk 0:11:47]} Re8 {[%clk 0:04:53]}
31. Re3 {[%clk 0:11:10]} f4 {[%clk 0:05:08]} 32. Rb3 {[%clk 0:11:04]} Rcd8
{[%clk 0:04:48]} 33. Bc1 {[%clk 0:10:22]} Bc8 {[%clk 0:04:37]} 34. Qh4 {[%clk
0:10:23]} g5 {[%clk 0:04:51]} 0-1

[Event "DVM U20w 2016"]
[Site "Borken-Gemen GER"]
[Date "2016.12.28"]
[Round "3"]
[White "Böhm, Jana"]
[Black "Reich, Kristina"]
[Result "1-0"]
[Termination "normal"]
[Board "2.2"]
[WhiteElo "1968"]
[BlackElo "1618"]
[WhiteClock "00:51:12"]
[BlackClock "00:01:07"]
[WhiteTeam "SK Lehrte"]
[BlackTeam "Hamburger SK"]
[PlyCount "63"]
[WhiteFideId "24661589"]
[BlackFideId "12964719"]
[EventCountry "GER"]
[EventRounds "7"]
[EventType "team-swiss"]
[EventDate "2016.12.26"]

1. e4 {[%clk 1:30:58]} e5 {[%clk 1:30:55]} 2. Nf3 {[%clk 1:31:24]} Nc6 {[%clk
1:31:19]} 3. Bb5 {[%clk 1:31:51]} a6 {[%clk 1:31:41]} 4. Ba4 {[%clk 1:32:17]}
Nf6 {[%clk 1:31:53]} 5. O-O {[%clk 1:32:38]} b5 {[%clk 1:32:13]} 6. Bb3 {[%clk
1:33:03]} Bc5 {[%clk 1:29:08]} 7. Re1 {[%clk 1:22:02]} d6 {[%clk 1:24:24]} 8.
c3 {[%clk 1:21:54]} O-O {[%clk 1:16:02]} 9. d4 {[%clk 1:17:55]} Bb6 {[%clk
1:13:51]} 10. h3 {[%clk 1:18:04]} Bb7 {[%clk 1:07:18]} 11. Bg5 {[%clk 1:12:32]}
Re8 {[%clk 0:53:10]} 12. Bc2 {[%clk 1:12:05]} Qe7 {[%clk 0:49:11]} 13. d5
{[%clk 1:11:38]} Nb8 {[%clk 0:48:43]} 14. Nbd2 {[%clk 1:11:11]} c6 {[%clk
0:40:53]} 15. dxc6 {[%clk 1:11:12]} Nxc6 {[%clk 0:40:43]} 16. Nf1 {[%clk
1:09:14]} Nb8 {[%clk 0:29:52]} 17. Ng3 {[%clk 1:05:46]} g6 {[%clk 0:29:09]} 18.
Nh2 {[%clk 1:03:44]} Nbd7 {[%clk 0:28:00]} 19. Qf3 {[%clk 1:02:25]} Kg7 {[%clk
0:23:52]} 20. Rad1 {[%clk 1:00:22]} Rac8 {[%clk 0:19:22]} 21. Ng4 {[%clk
0:59:00]} Rc6 {[%clk 0:17:37]} 22. Bb3 {[%clk 0:58:40]} Bc5 {[%clk 0:12:40]}
23. Nh6 {[%clk 0:57:17]} Kf8 {[%clk 0:07:44]} 24. Nxf7 {[%clk 0:52:03]} Rec8
{[%clk 0:03:57]} 25. Rd2 {[%clk 0:49:54]} a5 {[%clk 0:01:42]} 26. Red1 {[%clk
0:49:36]} a4 {[%clk 0:00:51]} 27. Bd5 {[%clk 0:49:51]} Rb6 {[%clk 0:00:43]} 28.
Bxb7 {[%clk 0:50:08]} Rxb7 {[%clk 0:00:59]} 29. Nxd6 {[%clk 0:50:14]} Bxd6
{[%clk 0:01:17]} 30. Rxd6 {[%clk 0:50:39]} Kg7 {[%clk 0:00:47]} 31. Rxd7 {[%clk
0:50:51]} Rxd7 {[%clk 0:01:07]} 32. Bxf6+ {[%clk 0:51:12]} 1-0

[Event "DVM U20w 2016"]
[Site "Borken-Gemen GER"]
[Date "2016.12.28"]
[Round "3"]
[White "Leinemann, Vivien S."]
[Black "Manusina, Nicole"]
[Result "0-1"]
[Termination "normal"]
[Board "2.3"]
[WhiteElo "1627"]
[BlackElo "1842"]
[WhiteClock "00:27:09"]
[BlackClock "00:29:07"]
[WhiteTeam "Hamburger SK"]
[BlackTeam "SK Lehrte"]
[PlyCount "54"]
[WhiteFideId "16208536"]
[BlackFideId "24657514"]
[EventCountry "GER"]
[EventRounds "7"]
[EventType "team-swiss"]
[EventDate "2016.12.26"]

1. e4 {[%clk 1:30:57]} c6 {[%clk 1:30:53]} 2. d4 {[%clk 1:31:20]} d5 {[%clk
1:31:18]} 3. Nc3 {[%clk 1:31:43]} dxe4 {[%clk 1:31:41]} 4. Nxe4 {[%clk
1:32:04]} Bf5 {[%clk 1:32:07]} 5. Ng3 {[%clk 1:32:11]} Bg6 {[%clk 1:32:29]} 6.
h4 {[%clk 1:32:32]} h6 {[%clk 1:32:55]} 7. Nf3 {[%clk 1:32:51]} Nd7 {[%clk
1:33:18]} 8. Bd3 {[%clk 1:32:54]} Bxd3 {[%clk 1:33:38]} 9. Qxd3 {[%clk
1:33:18]} e6 {[%clk 1:34:00]} 10. Bd2 {[%clk 1:33:11]} Ngf6 {[%clk 1:34:05]}
11. O-O-O {[%clk 1:32:45]} Qc7 {[%clk 1:34:19]} 12. Kb1 {[%clk 1:32:20]} O-O-O
{[%clk 1:33:33]} 13. Ne4 {[%clk 1:30:51]} Nxe4 {[%clk 1:33:47]} 14. Qxe4 {[%clk
1:30:07]} Nf6 {[%clk 1:34:08]} 15. Qe2 {[%clk 1:28:33]} Bd6 {[%clk 1:26:45]}
16. g3 {[%clk 1:27:10]} Rhe8 {[%clk 1:25:42]} 17. Rhe1 {[%clk 1:24:48]} Kb8
{[%clk 1:19:07]} 18. Ne5 {[%clk 1:21:06]} Ka8 {[%clk 1:15:35]} 19. Qf3 {[%clk
1:15:20]} Bxe5 {[%clk 1:07:45]} 20. dxe5 {[%clk 1:14:18]} Nd5 {[%clk 1:06:50]}
21. Qe4 {[%clk 1:12:23]} Rd7 {[%clk 1:04:14]} 22. Bb4 {[%clk 0:55:11]} c5
{[%clk 0:52:25]} 23. Bd2 {[%clk 0:49:13]} Red8 {[%clk 0:52:11]} 24. Kc1 {[%clk
0:47:19]} c4 {[%clk 0:45:15]} 25. c3 {[%clk 0:42:46]} Qc6 {[%clk 0:38:13]} 26.
Be3 {[%clk 0:34:24]} Qa4 {[%clk 0:36:06]} 27. Kb1 {[%clk 0:27:09]} Nxc3+ {[%clk
0:29:07]} 0-1

[Event "DVM U20w 2016"]
[Site "Borken-Gemen GER"]
[Date "2016.12.28"]
[Round "3"]
[White "Möller, Hannah"]
[Black "Reiter, Nicole"]
[Result "1-0"]
[Termination "normal"]
[Board "2.4"]
[WhiteElo "1724"]
[BlackElo "1296"]
[WhiteClock "00:39:55"]
[BlackClock "00:04:19"]
[WhiteTeam "SK Lehrte"]
[BlackTeam "Hamburger SK"]
[PlyCount "69"]
[WhiteFideId "1270514"]
[BlackFideId "16212126"]
[EventCountry "GER"]
[EventRounds "7"]
[EventType "team-swiss"]
[EventDate "2016.12.26"]

1. Nf3 {[%clk 1:30:57]} Nf6 {[%clk 1:30:35]} 2. g3 {[%clk 1:31:20]} b5 {[%clk
1:30:24]} 3. Bg2 {[%clk 1:31:37]} Bb7 {[%clk 1:30:45]} 4. O-O {[%clk 1:31:58]}
e6 {[%clk 1:30:15]} 5. d3 {[%clk 1:31:56]} Be7 {[%clk 1:29:43]} 6. c4 {[%clk
1:31:33]} bxc4 {[%clk 1:28:28]} 7. dxc4 {[%clk 1:31:56]} O-O {[%clk 1:26:47]}
8. Nc3 {[%clk 1:31:27]} c6 {[%clk 1:19:48]} 9. Qc2 {[%clk 1:28:36]} d5 {[%clk
1:18:22]} 10. Rd1 {[%clk 1:28:10]} Nbd7 {[%clk 1:16:43]} 11. e4 {[%clk
1:21:23]} Qc7 {[%clk 1:12:31]} 12. cxd5 {[%clk 1:15:31]} cxd5 {[%clk 1:12:18]}
13. exd5 {[%clk 1:12:53]} Bxd5 {[%clk 1:05:35]} 14. Qd3 {[%clk 1:09:18]} Nb6
{[%clk 1:00:35]} 15. Bf4 {[%clk 1:06:59]} Bd6 {[%clk 0:57:54]} 16. Bxd6 {[%clk
1:05:46]} Qxd6 {[%clk 0:54:23]} 17. Ng5 {[%clk 1:02:01]} Rfd8 {[%clk 0:47:16]}
18. Nxd5 {[%clk 0:59:32]} Nbxd5 {[%clk 0:47:16]} 19. Ne4 {[%clk 0:57:59]} Nxe4
{[%clk 0:42:08]} 20. Bxe4 {[%clk 0:57:55]} f5 {[%clk 0:41:38]} 21. Bg2 {[%clk
0:57:58]} Qe5 {[%clk 0:38:40]} 22. Qd4 {[%clk 0:54:08]} Qxd4 {[%clk 0:35:30]}
23. Rxd4 {[%clk 0:54:31]} Rac8 {[%clk 0:27:33]} 24. Rad1 {[%clk 0:52:01]} Rc5
{[%clk 0:24:19]} 25. b4 {[%clk 0:49:34]} Rc2 {[%clk 0:21:21]} 26. a4 {[%clk
0:45:55]} g6 {[%clk 0:17:21]} 27. Bxd5 {[%clk 0:43:58]} Rxd5 {[%clk 0:17:17]}
28. Rxd5 {[%clk 0:44:12]} exd5 {[%clk 0:17:41]} 29. Rxd5 {[%clk 0:44:34]} Rc4
{[%clk 0:13:56]} 30. Rb5 {[%clk 0:44:45]} Kf7 {[%clk 0:13:40]} 31. Rb7+ {[%clk
0:42:14]} Kg8 {[%clk 0:11:30]} 32. a5 {[%clk 0:40:47]} h5 {[%clk 0:06:26]} 33.
b5 {[%clk 0:40:13]} Rb4 {[%clk 0:04:48]} 34. b6 {[%clk 0:39:31]} axb6 {[%clk
0:04:19]} 35. Rxb6 {[%clk 0:39:55]} 1-0

[Event "DVM U20w 2016"]
[Site "Borken-Gemen GER"]
[Date "2016.12.28"]
[Round "3"]
[White "Gamisch, Laura"]
[Black "Wiesner, Paula"]
[Result "1-0"]
[Termination "normal"]
[Board "3.1"]
[WhiteElo "1800"]
[BlackElo "2034"]
[WhiteTeam "TSV Forstenried"]
[BlackTeam "Karlsruher SF"]
[PlyCount "75"]
[WhiteFideId "24615161"]
[BlackFideId "24654019"]
[EventCountry "GER"]
[EventRounds "7"]
[EventType "team-swiss"]
[EventDate "2016.12.26"]

1.d4 e6 2.c4 Bb4+ 3.Bd2 a5 4.g3 Nf6 5.Bg2 O-O 6.Nf3 d6 7.O-O Bxd2 8.Nbxd2 Qe7
9.Qc2 e5 10.e4 Nbd7 11.Rfe1 exd4 12.Nxd4 Nc5 13.N2b3 Nxb3 14.Qxb3 c6 15.Rad1
Qc7 16.Ne2 Be6 17.Nf4 Rfe8 18.Rd4 Rab8 19.a4 Nd7 20.Red1 Nc5 21. Qc2 Red8 22.b3
b5 23.Nxe6 Nxe6 24.R4d2 bxa4 25.bxa4 Rb4 26.c5 dxc5 27. Rxd8+ Nxd8 28.Qxc5 Ne6
29.Qc2 c5 30.Bh3 Nd4 31.Qa2 Qc6 32.Qd5 g6 33.Rxd4 Rb1+ 34.Kg2 Qxd5 35.Rxd5 c4
36.Rxa5 c3 37.Rc5 Ra1 38.Bd7 1-0

[Event "DVM U20w 2016"]
[Site "Borken-Gemen GER"]
[Date "2016.12.28"]
[Round "3"]
[White "Alferova, Ekaterina"]
[Black "Mangei, Jasmin"]
[Result "1/2-1/2"]
[Termination "normal"]
[Board "3.3"]
[WhiteElo "1415"]
[BlackElo "1911"]
[WhiteTeam "TSV Forstenried"]
[BlackTeam "Karlsruher SF"]
[PlyCount "65"]
[WhiteFideId "16217250"]
[BlackFideId "12951803"]
[EventCountry "GER"]
[EventRounds "7"]
[EventType "team-swiss"]
[EventDate "2016.12.26"]

1.Nf3 Nf6 2.d3 d5 3.g3 e6 4.Bg2 Bd6 5.O-O Nbd7 6.Nbd2 O-O 7.e4 c6 8.Nh4 Bc5
9.Nb3 Bb6 10.Kh1 Re8 11.f4 dxe4 12.dxe4 Nc5 13.Nxc5 Bxc5 14.Qe2 e5 15. f5 b6
16.Rd1 Qe7 17.g4 Ba6 18.Qf3 Nxe4 19.Qxe4 Qxh4 20.Be3 Bxe3 21.Qxe3 Rac8 22.Rd7
Qxg4 23.Rxa7 Bc4 24.f6 Re6 25.h3 Qd4 26.Qxd4 exd4 27.fxg7 Kxg7 28.Rd1 Rd8
29.Rc7 Bd5 30.Rd2 c5 31.Bxd5 Rxd5 32.Rg2+ Rg6 33.Rf2 1/2-1/2

[Event "DVM U20w 2016"]
[Site "Borken-Gemen GER"]
[Date "2016.12.28"]
[Round "3"]
[White "Grining, Maria"]
[Black "Krastina, Alma"]
[Result "1/2-1/2"]
[Termination "normal"]
[Board "3.4"]
[WhiteElo "1481"]
[BlackElo "1533"]
[WhiteTeam "Karlsruher SF"]
[BlackTeam "TSV Forstenried"]
[PlyCount "63"]
[WhiteFideId "16235037"]
[BlackFideId "16222105"]
[EventCountry "GER"]
[EventRounds "7"]
[EventType "team-swiss"]
[EventDate "2016.12.26"]

1.d4 b6 2.c4 e6 3.Nc3 Bb7 4.e4 d6 5.Nf3 Nd7 6.Be3 Ngf6 7.Bd3 Be7 8.Qe2 O-O
9.O-O-O c5 10.h4 Ng4 11.h5 h6 12.Nd2 Nxe3 13.fxe3 a6 14.a4 cxd4 15.exd4 e5
16.d5 Bg5 17.b4 a5 18.bxa5 Rxa5 19.Kc2 Bxd2 20.Qxd2 Nc5 21.Ra1 Qd7 22.Nb5 Rxa4
23.Rxa4 Nxa4 24.Ra1 Nc5 25.Ra7 Ra8 26.Rxa8+ Bxa8 27.Kb1 Bb7 28.Bc2 Ba6 29.Qe2
Bxb5 30.cxb5 Qb7 31.Qg4 Nd7 32.Kb2 1/2-1/2